| 000 | 00845nam a2200277 i 4500 | ||
|---|---|---|---|
| 001 | 32467 | ||
| 003 | BD-RjUL | ||
| 005 | 20211209051835.0 | ||
| 008 | 140426s1974 ii b 001 0 eng | ||
| 035 | _a(BD-RjUL)32556 | ||
| 040 |
_aDLC _cDLC _dDLC _dBD-RjUL _beng |
||
| 041 | _aeng | ||
| 082 | 0 | 0 |
_a294.5513 _bJAH 1974 |
| 100 | 1 |
_aJash, Pranabananda, _d1943- _998794 |
|
| 245 | 1 | 0 |
_aHistory of Śaivism / _cPranabananda Jash. |
| 250 | _a1st ed. | ||
| 260 |
_aCalcutta : _bRoy and Chaudhury : distributed by K. P. Bagchi, _cc1974. |
||
| 300 |
_aviii, 205 p. ; _c23 cm. |
||
| 500 | _aEssentially a revision of the author's thesis, Visva-Bharati, 1972. | ||
| 504 | _aBibliography: p. 183-190. | ||
| 504 | _aIncludes index. | ||
| 650 | 0 |
_aŚaivism _xHistory. _998795 |
|
| 942 |
_2ddc _cBK |
||
| 999 |
_c32467 _d32467 |
||